000 00426nam a22000977a 4500
100 _aझारी,डॉ. कृष्‍णदेव
_975038
245 _aप्रेमचन्‍द की सम्‍पूर्ण बाल कहानियॉं
260 _aनई दिल्‍ली
_bचिल्‍ड्रन बुक बैंक
_c2018
650 _aचिल्‍ड्रन बुक
_9159
942 _cHIN
999 _c63146
_d63146